000 00634nam a2200181 4500
008 160204b xxu||||| |||| 00| 0 eng d
020 _a9781133602538
020 _a1133602533
082 _22014
_aDK12 629.25
_bH129
100 _92443
_aHadfield, Christopher.
245 _aClassroom manual for automotive engine repair and rebuilding /
_cChristopher Hadfield.
250 _a5th ed.
260 _aAustralia :
_bDelmar/Cengage Learning,
_c©2014.
300 _axv, 319 pages :
_bcolored illustration ;
_c28 cm.
500 _aIncludes glossary and index.
650 0 _92439
_aAutomobiles
_xMotors
_xMaintenance and repair
942 _2ddc
_cBK
999 _c920
_d920